000 00228nam a22000857a 4500
008 160630b xxu||||| |||| 00| 0 eng d
100 _91469
_a Baveja, G
245 _aVariety at Meal Times
260 _aNew Delhi
_bArya Publication
_c1995
999 _c1216
_d1216